A STUDY GUIDE FOR RADIO LOGIC TECHNOLOGISTS (Record no. 580426)

000 -LEADER
fixed length control field 00376nam a22001337a 4500
020 ## - INTERNATIONAL STANDARD BOOK NUMBER
International Standard Book Number 0-398-03726-4
082 ## - DEWEY DECIMAL CLASSIFICATION NUMBER
Classification number 616.0757 BAR'S
100 ## - MAIN ENTRY--PERSONAL NAME
Personal name BARON, J. P,LYMAN, R. C
9 (RLIN) 74925
245 ## - TITLE STATEMENT
Title A STUDY GUIDE FOR RADIO LOGIC TECHNOLOGISTS
260 ## - PUBLICATION, DISTRIBUTION, ETC.
Place of publication, distribution, etc. USA
Name of publisher, distributor, etc. CHARLES C. THOMAS
Date of publication, distribution, etc. 1978
300 ## - PHYSICAL DESCRIPTION
Extent 540P
650 ## - SUBJECT ADDED ENTRY--TOPICAL TERM
Topical term or geographic name entry element RADIOLOGY MEDICAL RADIOGRAPHY MEDICAL
9 (RLIN) 74926
942 ## - ADDED ENTRY ELEMENTS (KOHA)
Koha item type Book
Source of classification or shelving scheme
Holdings
Withdrawn status Lost status Source of classification or shelving scheme Damaged status Not for loan Permanent Location Current Location Shelving location Date acquired Full call number Barcode Date last seen Price effective from Koha item type Public note
          College of Electrical & Mechanical Engineering (CEME) College of Electrical & Mechanical Engineering (CEME) General Stacks 05/11/2017 616.0757 BAR'S CEME-14550 06/28/2021 06/28/2021 Book 4.0
© 2023 Central Library, National University of Sciences and Technology. All Rights Reserved.